| 000 | 00764nam a2200205 a 4500 | ||
|---|---|---|---|
| 003 | 0 | ||
| 005 | 20250214161044.0 | ||
| 008 | 130827s19uu xx 00 eng d | ||
| 050 |
_aPGS LB 1115 _b.K49 2013 |
||
| 100 | _aKim, Jaeyun. | ||
| 245 |
_aTeenage relationships and study habits / _cJaeyun Kim. |
||
| 260 |
_aLas PiƱas City, Philippines : _bSouthville International School and Colleges, _c2013. |
||
| 300 |
_a28 pages : _billustrations ; _c28 cm. |
||
| 504 | _aIncludes bibliographical references. | ||
| 650 |
_aTeenagers _vInterpersonal relationships -- Study habits. |
||
| 650 |
_aAcademic achievement _vSocial aspects. |
||
| 650 |
_aAcademic achievement _vPsychological aspects. |
||
| 650 |
_aStudents _vSocial life and customs. |
||
| 942 |
_2lcc _cPASS |
||
| 999 |
_c98981 _d98981 |
||